header

Improving consensus development for health technology assessment (Record no. 156833)

MARC details
000 -LEADER
fixed length control field 01667nam a2200337Ia 4500
245 10 - TITLE STATEMENT
Title Improving consensus development for health technology assessment
260 ## - PUBLICATION, DISTRIBUTION, ETC. (IMPRINT)
Place of publication Washington, D.C. :
Name of publisher National Academy Press,
Year of publication 1990.
300 ## - PHYSICAL DESCRIPTION
Number of Pages xi, 163 p.
500 ## - GENERAL NOTE
General note "Workshop on International Consensus Development for Medical Technology Assessment in London on June 7, 1989."--T.p. verso.
650 #0 - SUBJECT ADDED ENTRY--TOPICAL TERM
Topical Term Medical technology
Topical Term Medical technology
Topical Term Technology assessment
Topical Term Medical innovations
700 1# - ADDED ENTRY--PERSONAL NAME
Personal name Goodman, Clifford.
Personal name Baratz, Sharon R.
856 40 - ELECTRONIC LOCATION AND ACCESS
Uniform Resource Identifier http://site.ebrary.com/lib/rucke/Doc?id=10062796

No items available.

© 2026 Rongo University
Contact us: librarian | system librarian | Rongo university